[Event "Deutsche Ländermeisterschaft 2012"]
[Site "Hannover GER"]
[Date "2012.10.01"]
[Round "5"]
[White "Schrader, Elanor"]
[Black "Muckle, Julius"]
[Result "1-0"]
[Termination "normal"]
[Board "3.7"]
[WhiteTitle "18w"]
[BlackTitle "12"]
[WhiteElo "1769"]
[BlackElo "1760"]
[WhiteTeam "Nordrhein-Westfalen"]
[BlackTeam "Rheinland-Pfalz"]
[PlyCount "39"]
[WhiteFideId "12951919"]
[BlackFideId "12942430"]
[EventCountry "GER"]
[EventRounds "7"]
[EventType "team-swiss"]
[EventDate "2012.09.28"]

1. e4 e6 2. d4 d5 3. Nc3 Bb4 4. e5 c5 5. a3 Bxc3+ 6. bxc3 Ne7 7. Qg4 O-O 8. Bg5
Nbc6 9. Bf6 g6 10. Qg5 Qc7 11. g4 Nxd4 12. cxd4 Qa5+ 13. Kd1 Qc3 14. Qh6 Qxd4+
15. Bd3 Qxg4+ 16. f3 Nf5 17. Bxf5 Qd4+ 18. Bd3 Qxa1+ 19. Kd2 Qxe5 20. Qg7# 1-0

[Event "Deutsche Ländermeisterschaft 2012"]
[Site "Hannover GER"]
[Date "2012.10.01"]
[Round "5"]
[White "Sanati, Charlotte"]
[Black "Möller, Lisa-Marie"]
[Result "0-1"]
[Termination "normal"]
[Board "3.8"]
[WhiteTitle "12w"]
[BlackTitle "12w"]
[WhiteElo "1607"]
[BlackElo "1347"]
[WhiteTeam "Rheinland-Pfalz"]
[BlackTeam "Nordrhein-Westfalen"]
[PlyCount "176"]
[WhiteFideId "12907707"]
[BlackFideId "12959367"]
[EventCountry "GER"]
[EventRounds "7"]
[EventType "team-swiss"]
[EventDate "2012.09.28"]

1. e4 c5 2. Nf3 a6 3. d4 cxd4 4. Nxd4 Nf6 5. Nc3 e5 6. Nf3 Bb4 7. Bd2 O-O 8.
Bc4 Nc6 9. O-O d6 10. Qe2 b5 11. Bb3 Bb7 12. Nd5 Bxd2 13. Nxf6+ Qxf6 14. Qxd2
Rfd8 15. Ng5 Rd7 16. Qe3 Nd4 17. Rfe1 Rc7 18. Rac1 Rac8 19. c3 Nxb3 20. axb3 h6
21. Nh3 Re8 22. Rcd1 Rd7 23. Qg3 d5 24. Re3 d4 25. Rf3 Qe6 26. Re1 dxc3 27.
Rxc3 Rd2 28. Rc7 Re7 29. Qc3 Rxc7 30. Qxd2 Rd7 31. Qc3 Qd6 32. g3 Qd4 33. Qc1
Rd8 34. Qb1 Qd3 35. Qc1 Bxe4 36. Qc3 Qxc3 37. bxc3 Bf3 38. Kf1 f6 39. Ng1 Bd5
40. b4 Bc4+ 41. Kg2 Rd3 42. Rc1 Kf7 43. Ne2 Rd2 44. Ng1 Ke6 45. Nh3 g5 46. Ra1
Ra2 47. Rxa2 Bxa2 48. Kf1 Kd5 49. Ke2 Kc4 50. Kd2 f5 51. Ng1 e4 52. Ne2 Kd5 53.
Nd4 f4 54. gxf4 gxf4 55. Ne2 Ke5 56. Nd4 Bd5 57. Ke2 Kf6 58. Kf1 Kg5 59. Kg1
Kg4 60. Ne2 e3 61. fxe3 fxe3 62. Ng3 Kf3 63. Kf1 e2+ 64. Ke1 Bc4 65. Nf5 h5 66.
Nd4+ Ke3 67. Nc6 Bd5 68. Ne7 Be4 69. Ng8 Kd3 70. Nf6 Bf3 71. Nd7 Kxc3 72. Ne5
Bg4 73. Nc6 Kb3 74. h4 Bd7 75. Nb8 Bc8 76. Nc6 Bb7 77. Nd4+ Kxb4 78. Kxe2 Kc3
79. Ke3 b4 80. Ne2+ Kc4 81. Kd2 b3 82. Kc1 a5 83. Kb2 a4 84. Nc1 Bf3 85. Ka3
Kc3 86. Kxa4 b2 87. Na2+ Kc2 88. Nb4+ Kd2 0-1

[Event "Deutsche Ländermeisterschaft 2012"]
[Site "Hannover GER"]
[Date "2012.10.01"]
[Round "5"]
[White "Möhn, Hans"]
[Black "Krassowizkij, Jaroslaw"]
[Result "0-1"]
[Termination "normal"]
[Board "4.1"]
[WhiteTitle "16"]
[BlackTitle "20"]
[WhiteElo "2119"]
[BlackElo "2411"]
[WhiteTeam "Sachsen"]
[BlackTeam "Württemberg"]
[PlyCount "68"]
[WhiteFideId "24647837"]
[BlackFideId "1271703"]
[EventCountry "GER"]
[EventRounds "7"]
[EventType "team-swiss"]
[EventDate "2012.09.28"]

1. e4 c5 2. Nf3 d6 3. d4 cxd4 4. Nxd4 Nf6 5. Nc3 a6 6. Be3 e6 7. Be2 Be7 8. g4
Nc6 9. f4 Qc7 10. g5 Nd7 11. Qd2 b5 12. a3 Bb7 13. Nxc6 Bxc6 14. Qd4 O-O 15.
O-O e5 16. Qd2 Nc5 17. Bf3 exf4 18. Bxf4 Ne6 19. Be3 Qd8 20. h4 f6 21. Nd5 fxg5
22. Nxe7+ Qxe7 23. hxg5 Nc5 24. Rae1 Rxf3 25. Rxf3 Nxe4 26. Qe2 Nxg5 27. Rg3
Qe4 28. Qg4 Qh1+ 29. Kf2 Qh2+ 30. Kf1 Rf8+ 31. Bf4 Bg2+ 32. Rxg2 Rxf4+ 33. Ke2
Rxg4 34. Rxh2 Re4+ 0-1

[Event "Deutsche Ländermeisterschaft 2012"]
[Site "Hannover GER"]
[Date "2012.10.01"]
[Round "5"]
[White "Kvetny, Mark"]
[Black "Kreyßig, Robert"]
[Result "1/2-1/2"]
[Termination "normal"]
[Board "4.2"]
[WhiteTitle "16"]
[BlackTitle "16"]
[WhiteElo "2245"]
[BlackElo "1939"]
[WhiteTeam "Württemberg"]
[BlackTeam "Sachsen"]
[PlyCount "92"]
[WhiteFideId "24603929"]
[BlackFideId "4662881"]
[EventCountry "GER"]
[EventRounds "7"]
[EventType "team-swiss"]
[EventDate "2012.09.28"]

1. d4 Nf6 2. c4 e6 3. Nc3 Bb4 4. Qc2 c5 5. dxc5 O-O 6. a3 Bxc5 7. Nf3 b6 8. Bf4
Bb7 9. e3 Nc6 10. Be2 h6 11. O-O-O Rc8 12. Rhg1 Nh5 13. Bd6 Bxd6 14. Rxd6 Qe7
15. Rgd1 Rfd8 16. Kb1 Nf6 17. Qd2 Nb8 18. Qc2 Rc6 19. Rxc6 Bxc6 20. Ka1 d5 21.
Ne5 Bb7 22. Bf3 Qc7 23. Ng4 Nxg4 24. Bxg4 Qxc4 25. Bf3 Qc7 26. h4 Nd7 27. g4 d4
28. Bxb7 dxc3 29. Bf3 cxb2+ 30. Kxb2 Qxc2+ 31. Kxc2 Kf8 32. Kc3 Ke7 33. Rd4 Nc5
34. Kc4 Rd6 35. g5 hxg5 36. hxg5 Rxd4+ 37. exd4 Nd7 38. Kb5 Nb8 39. d5 exd5 40.
Bxd5 f6 41. gxf6+ gxf6 42. Be4 Kd6 43. a4 Kc7 44. Kc4 Kd6 45. Kb5 Kc7 46. Kc4
Kd6 1/2-1/2

[Event "Deutsche Ländermeisterschaft 2012"]
[Site "Hannover GER"]
[Date "2012.10.01"]
[Round "5"]
[White "Richter, Leonard"]
[Black "Braun, Georg"]
[Result "0-1"]
[Termination "normal"]
[Board "4.3"]
[WhiteTitle "14"]
[BlackTitle "18"]
[WhiteElo "1910"]
[BlackElo "2196"]
[WhiteTeam "Sachsen"]
[BlackTeam "Württemberg"]
[PlyCount "124"]
[WhiteFideId "12900290"]
[BlackFideId "24629383"]
[EventCountry "GER"]
[EventRounds "7"]
[EventType "team-swiss"]
[EventDate "2012.09.28"]

1. e4 c5 2. d4 cxd4 3. c3 Nf6 4. e5 Nd5 5. cxd4 d6 6. Nf3 Nc6 7. Bc4 Nb6 8. Bb5
dxe5 9. Nxe5 Bd7 10. Bxc6 Bxc6 11. Nxc6 bxc6 12. Be3 g6 13. Qf3 Qd5 14. Qxd5
cxd5 15. Nd2 Bg7 16. O-O O-O 17. b3 Rfc8 18. Rac1 e6 19. Nf3 Bf8 20. Rxc8 Nxc8
21. Rc1 Bd6 22. Bd2 f6 23. Rc6 Kf7 24. b4 Ke7 25. b5 Kd7 26. g3 Rb8 27. a4 Nb6
28. Rc1 Rb7 29. Ra1 Nc4 30. Bc3 Rc7 31. Nd2 Nxd2 32. Bxd2 Rc2 33. Be3 Rb2 34.
Kg2 Bc7 35. Bc1 Rb4 36. Bd2 Rb3 37. Bc1 Bb6 38. a5 Bxd4 39. b6 Kc8 40. Ra4 e5
41. bxa7 Bxa7 42. Ra2 Kb7 43. Bh6 Bb8 44. Bg7 f5 45. a6+ Ka7 46. Ra5 Rd3 47.
Bf6 Bc7 48. Rc5 Bb6 49. Rc2 e4 50. Ra2 Rd1 51. Be5 d4 52. Kh3 d3 53. Bf4 Rf1
54. Kg2 Re1 55. h4 Re2 56. Rd2 Kxa6 57. Kf1 Rxd2 58. Bxd2 h5 59. Bg5 Kb5 60.
Ke1 Kc4 61. Bd2 Bd4 62. Bg5 Kb3 0-1

[Event "Deutsche Ländermeisterschaft 2012"]
[Site "Hannover GER"]
[Date "2012.10.01"]
[Round "5"]
[White "Zeller, Elisa"]
[Black "Vogel, Roven"]
[Result "1/2-1/2"]
[Termination "normal"]
[Board "4.4"]
[WhiteTitle "18w"]
[BlackTitle "12"]
[WhiteElo "1903"]
[BlackElo "1993"]
[WhiteTeam "Württemberg"]
[BlackTeam "Sachsen"]
[PlyCount "62"]
[WhiteFideId "24662410"]
[BlackFideId "12908088"]
[EventCountry "GER"]
[EventRounds "7"]
[EventType "team-swiss"]
[EventDate "2012.09.28"]

1. e4 d6 2. d4 Nf6 3. Nc3 g6 4. Nf3 Bg7 5. h3 O-O 6. Bd3 c6 7. O-O b5 8. Be3 a6
9. Ne2 Qc7 10. Ng3 Nbd7 11. Rc1 c5 12. c3 Bb7 13. Qd2 Rac8 14. Rfe1 Rfd8 15.
Bh6 e6 16. Bxg7 Kxg7 17. c4 bxc4 18. Bxc4 h6 19. Qe2 Qb6 20. dxc5 Rxc5 21. Bd3
Rdc8 22. Rxc5 Rxc5 23. b3 a5 24. Nd2 Ne5 25. Bb1 Rc3 26. Kh2 Ba6 27. Nc4 Nxc4
28. bxc4 Rxc4 29. Bd3 Rc6 30. Bxa6 Qxa6 31. e5 Qxe2 1/2-1/2

[Event "Deutsche Ländermeisterschaft 2012"]
[Site "Hannover GER"]
[Date "2012.10.01"]
[Round "5"]
[White "Scholz, Robert"]
[Black "Schmidt, Tobias"]
[Result "1/2-1/2"]
[Termination "normal"]
[Board "4.5"]
[WhiteTitle "14"]
[BlackTitle "14"]
[WhiteElo "1901"]
[BlackElo "1834"]
[WhiteTeam "Sachsen"]
[BlackTeam "Württemberg"]
[PlyCount "91"]
[WhiteFideId "1270301"]
[BlackFideId "1271683"]
[EventCountry "GER"]
[EventRounds "7"]
[EventType "team-swiss"]
[EventDate "2012.09.28"]

1. e4 e6 2. d4 d5 3. Nc3 Bb4 4. e5 c5 5. Bd2 Ne7 6. Nb5 Bxd2+ 7. Qxd2 O-O 8. f4
cxd4 9. Nf3 b6 10. Bd3 Ba6 11. Nfxd4 Nbc6 12. c3 Nxd4 13. Nxd4 Bxd3 14. Qxd3
Qd7 15. O-O Nc6 16. Nxc6 Qxc6 17. Rf3 Rad8 18. Rh3 g6 19. Re1 Qc4 20. Qg3 Qc5+
21. Kh1 Qe7 22. Rh6 d4 23. Rh3 dxc3 24. Qxc3 Rc8 25. Qb3 Rfd8 26. Rd3 Rxd3 27.
Qxd3 Qb4 28. Rf1 Qc4 29. Qxc4 Rxc4 30. Kg1 Kf8 31. Rf2 Ke7 32. Kf1 Kd7 33. Ke2
Kc6 34. Kd3 Kd5 35. g3 a5 36. Ke3 Re4+ 37. Kd3 b5 38. Rc2 Rd4+ 39. Ke3 Re4+ 40.
Kd3 Rc4 41. Rxc4 bxc4+ 42. Ke3 Kc5 43. h4 h5 44. Ke2 Kc6 45. Kd2 Kd5 46. Ke3
1/2-1/2

[Event "Deutsche Ländermeisterschaft 2012"]
[Site "Hannover GER"]
[Date "2012.10.01"]
[Round "5"]
[White "Höglauer, Patrick"]
[Black "Nobis, Anna"]
[Result "1/2-1/2"]
[Termination "normal"]
[Board "4.6"]
[WhiteTitle "12"]
[BlackTitle "14w"]
[WhiteElo "1883"]
[BlackElo "1666"]
[WhiteTeam "Württemberg"]
[BlackTeam "Sachsen"]
[PlyCount "115"]
[WhiteFideId "1270548"]
[BlackFideId "1270302"]
[EventCountry "GER"]
[EventRounds "7"]
[EventType "team-swiss"]
[EventDate "2012.09.28"]

1. e4 c5 2. Nc3 Nc6 3. Bb5 Nd4 4. Bc4 g6 5. Nge2 Bg7 6. Nxd4 cxd4 7. Qf3 Nh6 8.
d3 Qa5 9. Bxh6 Bxh6 10. Qxf7+ Kd8 11. Qd5 Qxd5 12. Nxd5 e6 13. Nf6 Bg7 14. e5
Bxf6 15. exf6 Rf8 16. h4 Rxf6 17. h5 g5 18. f3 h6 19. Kd2 b6 20. Rae1 Bb7 21.
Re5 Kc7 22. a4 a6 23. c3 dxc3+ 24. bxc3 Rg8 25. Ke3 g4 26. f4 Bxg2 27. Rg1 Bb7
28. Rg3 Rg7 29. d4 Bc6 30. Bb3 Bf3 31. Bc4 Bc6 32. Bb3 Bf3 33. Bc4 a5 34. d5
exd5 35. Bxd5 Bd1 36. Re4 Rf5 37. Rc4+ Kb8 38. Rd4 Re7+ 39. Re4 Rxe4+ 40. Bxe4
Rxh5 41. Kd2 Bxa4 42. Rxg4 Kc7 43. f5 Rg5 44. Rf4 Bb3 45. f6 Bf7 46. c4 Rg8 47.
Kc3 Kd6 48. Kd4 Rf8 49. Rf5 Be6 50. Rf2 a4 51. Rb2 Rxf6 52. Rxb6+ Ke7 53. Ra6
h5 54. Rxa4 h4 55. Ra2 Rh6 56. Rh2 h3 57. c5 Rh4 58. Ke3 1/2-1/2

[Event "Deutsche Ländermeisterschaft 2012"]
[Site "Hannover GER"]
[Date "2012.10.01"]
[Round "5"]
[White "Kempe, Anne"]
[Black "Gaßmann, Linda"]
[Result "1/2-1/2"]
[Termination "normal"]
[Board "4.7"]
[WhiteTitle "14w"]
[BlackTitle "14w"]
[WhiteElo "1703"]
[BlackElo "1766"]
[WhiteTeam "Sachsen"]
[BlackTeam "Württemberg"]
[PlyCount "75"]
[WhiteFideId "12918083"]
[BlackFideId "12900451"]
[EventCountry "GER"]
[EventRounds "7"]
[EventType "team-swiss"]
[EventDate "2012.09.28"]

1. e4 e5 2. Nf3 Nf6 3. Nxe5 d6 4. Nf3 Nxe4 5. Nc3 Nxc3 6. dxc3 Nc6 7. Bf4 Be7
8. Qd2 a6 9. O-O-O Bg4 10. Be2 Qd7 11. h3 Be6 12. Kb1 O-O-O 13. Ng5 Bxg5 14.
Bxg5 f6 15. Be3 Ne5 16. b3 a5 17. c4 b6 18. Bd4 Qe7 19. f4 Nc6 20. Bb2 d5 21.
Bf3 dxc4 22. Qe1 Rxd1+ 23. Qxd1 Qc5 24. Qe2 Bd7 25. Qxc4 Qxc4 26. bxc4 Nb4 27.
Bc3 Na6 28. Re1 Re8 29. Rxe8+ Bxe8 30. g4 Kd7 31. Bd4 Ke6 32. Bb7 Nc5 33. Bxc5
bxc5 34. Kb2 Bd7 35. Be4 h6 36. Kb3 Kd6 37. Bd5 Bc6 38. Bxc6 1/2-1/2

[Event "Deutsche Ländermeisterschaft 2012"]
[Site "Hannover GER"]
[Date "2012.10.01"]
[Round "5"]
[White "Lederer, Leia"]
[Black "Halas, Julia"]
[Result "1-0"]
[Termination "normal"]
[Board "4.8"]
[WhiteTitle "12w"]
[BlackTitle "12w"]
[WhiteElo "1624"]
[BlackElo "1613"]
[WhiteTeam "Württemberg"]
[BlackTeam "Sachsen"]
[PlyCount "125"]
[WhiteFideId "12926353"]
[BlackFideId "12931810"]
[EventCountry "GER"]
[EventRounds "7"]
[EventType "team-swiss"]
[EventDate "2012.09.28"]

1. e4 e5 2. Nf3 Nf6 3. Nxe5 d6 4. Nf3 Nxe4 5. d4 d5 6. Bd3 Be7 7. Nbd2 Nxd2 8.
Bxd2 Bg4 9. Qe2 Nc6 10. Be3 Qd6 11. h3 Bh5 12. a3 h6 13. O-O-O O-O-O 14. Kb1
Kb8 15. Qd2 Bxf3 16. gxf3 Bf6 17. Bf4 Qf8 18. c3 a6 19. Rhe1 Re8 20. Bf5 Rxe1
21. Rxe1 Qd8 22. Kc2 g6 23. Bd3 g5 24. Bh2 Qd7 25. Rh1 Re8 26. b4 Ne7 27. Ra1
Qxh3 28. Bg1 Qxf3 29. a4 Qg4 30. a5 c6 31. Bh2+ Ka7 32. Bc7 Nc8 33. Kb3 Bd8 34.
Bb6+ Nxb6 35. axb6+ Bxb6 36. b5 a5 37. bxc6 bxc6 38. Qa2 Qc8 39. c4 Qb7 40. c5
Bxc5+ 41. Kc2 Bb4 42. Rb1 h5 43. Qa4 Re6 44. Kb2 Qb6 45. Qa1 Qxd4+ 46. Ka2
Qxf2+ 47. Rb2 Qh4 48. Qg1+ c5 49. Qf1 f6 50. Qf5 Rd6 51. Qh7+ Kb6 52. Qg8 c4
53. Qb8+ Kc5 54. Qa7+ Kb5 55. Bf5 c3 56. Bd3+ Kc6 57. Qa6+ Kc7 58. Qa7+ Kd8 59.
Qb8+ Ke7 60. Re2+ Kd7 61. Bb5+ Rc6 62. Qe8+ Kc7 63. Qxc6+ 1-0

[Event "Deutsche Ländermeisterschaft 2012"]
[Site "Hannover GER"]
[Date "2012.10.01"]
[Round "5"]
[White "Bräuer, Franz"]
[Black "Raum, Sebastian"]
[Result "1/2-1/2"]
[Termination "normal"]
[Board "5.1"]
[WhiteTitle "18"]
[BlackTitle "20"]
[WhiteElo "2222"]
[BlackElo "2159"]
[WhiteTeam "Thüringen"]
[BlackTeam "Niedersachsen 2"]
[PlyCount "55"]
[WhiteFideId "24634468"]
[BlackFideId "24673935"]
[EventCountry "GER"]
[EventRounds "7"]
[EventType "team-swiss"]
[EventDate "2012.09.28"]

1. c4 Nf6 2. Nc3 g6 3. e4 d6 4. d4 Bg7 5. Be2 O-O 6. Nf3 e5 7. O-O Nc6 8. d5
Ne7 9. Ne1 Nd7 10. Be3 f5 11. f3 f4 12. Bf2 g5 13. a4 a5 14. Nb5 b6 15. b4 axb4
16. Nd3 Nf6 17. Nxb4 Rf7 18. a5 Rxa5 19. Rxa5 bxa5 20. Na2 Ng6 21. c5 Bf8 22.
Qa4 g4 23. Rc1 g3 24. Be1 Nd7 25. h3 Nxc5 26. Qa3 Qh4 27. Bf1 Nxe4 28. Nxc7
1/2-1/2

[Event "Deutsche Ländermeisterschaft 2012"]
[Site "Hannover GER"]
[Date "2012.10.01"]
[Round "5"]
[White "Hampel, Felix"]
[Black "Urban, Lars"]
[Result "0-1"]
[Termination "normal"]
[Board "5.2"]
[WhiteTitle "18"]
[BlackTitle "16"]
[WhiteElo "2082"]
[BlackElo "2064"]
[WhiteTeam "Niedersachsen 2"]
[BlackTeam "Thüringen"]
[PlyCount "66"]
[WhiteFideId "24668125"]
[BlackFideId "4644034"]
[EventCountry "GER"]
[EventRounds "7"]
[EventType "team-swiss"]
[EventDate "2012.09.28"]

1. d4 d5 2. c4 e6 3. Nc3 Nf6 4. cxd5 exd5 5. Bg5 Nbd7 6. e3 Be7 7. Qc2 c6 8.
Bd3 O-O 9. Nge2 Re8 10. O-O h6 11. Bh4 Ne4 12. Bxe7 Qxe7 13. Rab1 a5 14. a3
Ndf6 15. b4 axb4 16. axb4 Ng4 17. h3 Ngxf2 18. Rxf2 Nxf2 19. Kxf2 Qxe3+ 20. Kf1
Re6 21. Rc1 Bd7 22. Nd1 Rf6+ 23. Ke1 Qg5 24. Qc5 Re8 25. Ra1 Qxg2 26. Ra7 Rf1+
27. Kd2 Bf5 28. Ndc3 Bxd3 29. Kxd3 Rf2 30. b5 Rfxe2 31. Nxe2 Qxe2+ 32. Kc3 Re3+
33. Kb4 Qd2+ 0-1

[Event "Deutsche Ländermeisterschaft 2012"]
[Site "Hannover GER"]
[Date "2012.10.01"]
[Round "5"]
[White "Bach, Jannik"]
[Black "Zahn, Alina"]
[Result "1-0"]
[Termination "normal"]
[Board "5.4"]
[WhiteTitle "14"]
[BlackTitle "14w"]
[WhiteElo "1859"]
[BlackElo "1884"]
[WhiteTeam "Niedersachsen 2"]
[BlackTeam "Thüringen"]
[PlyCount "101"]
[WhiteFideId "24615900"]
[BlackFideId "24696730"]
[EventCountry "GER"]
[EventRounds "7"]
[EventType "team-swiss"]
[EventDate "2012.09.28"]

1. e4 e5 2. Nf3 Nc6 3. Bc4 Bc5 4. c3 Nf6 5. d3 O-O 6. O-O d5 7. exd5 Nxd5 8.
Nbd2 Bf5 9. Ne4 Be7 10. Bb3 Nf6 11. Qe2 Qd7 12. Ba4 Bxe4 13. dxe4 Nd4 14. Nxd4
Qxa4 15. Nf5 Bc5 16. Re1 h6 17. Qf3 h5 18. h3 Rfe8 19. Bg5 Nh7 20. Qxh5 Re6 21.
Be3 Bf8 22. Ng3 Rg6 23. Qxe5 Bd6 24. Qd4 Qe8 25. Nf5 c5 26. Nxd6 cxd4 27. Nxe8
dxe3 28. Nc7 Rc8 29. Nd5 exf2+ 30. Kxf2 Re6 31. h4 Rc4 32. g3 Rexe4 33. Rxe4
Rxe4 34. Re1 Rxe1 35. Kxe1 Kf8 36. Ke2 Ke8 37. Ke3 Kd7 38. Kd4 Nf8 39. Nf4 Kd6
40. g4 f6 41. Nh5 Ne6+ 42. Ke4 Ke7 43. b4 Kf7 44. a4 Nc7 45. Nf4 Ke8 46. g5
fxg5 47. hxg5 Kf7 48. Ke5 g6 49. Kd6 Ne8+ 50. Kd7 Ng7 51. Kc7 1-0

[Event "Deutsche Ländermeisterschaft 2012"]
[Site "Hannover GER"]
[Date "2012.10.01"]
[Round "5"]
[White "Schätz, Bianca"]
[Black "Manusina, Nicole"]
[Result "1-0"]
[Termination "normal"]
[Board "5.5"]
[WhiteTitle "18w"]
[BlackTitle "14w"]
[WhiteElo "1811"]
[BlackElo "1800"]
[WhiteTeam "Thüringen"]
[BlackTeam "Niedersachsen 2"]
[PlyCount "97"]
[WhiteFideId "24655821"]
[BlackFideId "24657514"]
[EventCountry "GER"]
[EventRounds "7"]
[EventType "team-swiss"]
[EventDate "2012.09.28"]

1. e4 c6 2. d4 d5 3. exd5 cxd5 4. Bd3 Nc6 5. c3 Qc7 6. h3 e6 7. Nf3 Bd6 8. O-O
h6 9. Re1 Nge7 10. Qe2 Bd7 11. Ne5 O-O 12. Bf4 Nxe5 13. dxe5 Bc5 14. Nd2 Rad8
15. b4 Bb6 16. c4 a5 17. c5 Ba7 18. a3 b6 19. cxb6 Bxb6 20. Rec1 Qa7 21. Nb3
Nc6 22. bxa5 Nxa5 23. Nxa5 Qxa5 24. Bxh6 f5 25. Bd2 Qa7 26. Bb4 Rf7 27. Ra2 Rc8
28. Rac2 Rxc2 29. Rxc2 g6 30. Bb5 Bxb5 31. Qxb5 Qb8 32. Qc6 Bxf2+ 33. Kxf2 Qxe5
34. Kg1 Qe3+ 35. Kh1 f4 36. Qc8+ Kg7 37. Qc3+ d4 38. Qe1 d3 39. Rc6 e5 40. Bd2
Qxe1+ 41. Bxe1 e4 42. Rd6 Rc7 43. Bd2 g5 44. Rd4 Rc2 45. Bb4 Rc1+ 46. Kh2 e3
47. Rxd3 e2 48. Rd7+ Kf6 49. Re7 1-0

[Event "Deutsche Ländermeisterschaft 2012"]
[Site "Hannover GER"]
[Date "2012.10.01"]
[Round "5"]
[White "Reuker, Jari"]
[Black "Scheftlein, Richard"]
[Result "0-1"]
[Termination "normal"]
[Board "5.6"]
[WhiteTitle "12"]
[BlackTitle "14"]
[WhiteElo "1784"]
[BlackElo "1827"]
[WhiteTeam "Niedersachsen 2"]
[BlackTeam "Thüringen"]
[PlyCount "70"]
[WhiteFideId "12909300"]
[BlackFideId "12945609"]
[EventCountry "GER"]
[EventRounds "7"]
[EventType "team-swiss"]
[EventDate "2012.09.28"]

1. e4 e6 2. d4 d5 3. Nc3 Bb4 4. e5 c5 5. a3 Bxc3+ 6. bxc3 Ne7 7. Qg4 O-O 8. Nf3
f5 9. Qg3 Nbc6 10. Bh6 Ng6 11. h4 gxh6 12. h5 Kg7 13. hxg6 hxg6 14. Qh3 Rh8 15.
g4 Qa5 16. Nd2 cxd4 17. cxd4 Nxd4 18. Bd3 Bd7 19. gxf5 Nxf5 20. Bxf5 exf5 21.
Qh4 Qd8 22. Qd4 Be6 23. Nb3 b6 24. Nc1 Rc8 25. Ra2 Rc4 26. Qb2 Qg5 27. Ne2 Re4
28. c3 d4 29. Kf1 Bxa2 30. Qxa2 d3 31. Ng3 Re1+ 32. Kg2 Rxh1 33. Kxh1 d2 34.
Qd5 Rd8 35. Qb7+ Kh8 0-1

[Event "Deutsche Ländermeisterschaft 2012"]
[Site "Hannover GER"]
[Date "2012.10.01"]
[Round "5"]
[White "Nguyen, Huy Dat"]
[Black "Thole, Ann-Christin"]
[Result "1-0"]
[Termination "normal"]
[Board "5.7"]
[WhiteTitle "12"]
[BlackTitle "16w"]
[WhiteElo "1761"]
[BlackElo "1685"]
[WhiteTeam "Thüringen"]
[BlackTeam "Niedersachsen 2"]
[PlyCount "53"]
[WhiteFideId "12923486"]
[BlackFideId "12907529"]
[EventCountry "GER"]
[EventRounds "7"]
[EventType "team-swiss"]
[EventDate "2012.09.28"]

1. d4 Nf6 2. c4 g6 3. Nc3 d5 4. cxd5 Nxd5 5. g3 Bg7 6. Bg2 Nxc3 7. bxc3 O-O 8.
Nf3 c5 9. O-O Nc6 10. e3 Qc7 11. Qa4 Bd7 12. Qa3 b5 13. Qxc5 Rab8 14. d5 b4 15.
dxc6 Bxc3 16. Rb1 Bf5 17. Rb3 Bc2 18. Rxc3 bxc3 19. Qxc3 Be4 20. Bb2 f6 21.
Qc4+ Kh8 22. Qxe4 Rxb2 23. Nd4 Rc8 24. Ne6 Qd6 25. Qc4 Qa3 26. Rd1 Qa5 27. c7
1-0

[Event "Deutsche Ländermeisterschaft 2012"]
[Site "Hannover GER"]
[Date "2012.10.01"]
[Round "5"]
[White "Wallat, Jessica"]
[Black "Allin, Katharina"]
[Result "1-0"]
[Termination "normal"]
[Board "5.8"]
[WhiteTitle "12w"]
[BlackTitle "12w"]
[WhiteElo "1580"]
[BlackElo "1135"]
[WhiteTeam "Niedersachsen 2"]
[BlackTeam "Thüringen"]
[PlyCount "69"]
[WhiteFideId "12909637"]
[BlackFideId "12903779"]
[EventCountry "GER"]
[EventRounds "7"]
[EventType "team-swiss"]
[EventDate "2012.09.28"]

1. e4 e5 2. Nf3 Nc6 3. Bc4 Bc5 4. c3 Nf6 5. d4 exd4 6. e5 d5 7. Bb5 Ne4 8. cxd4
Bb6 9. Bxc6+ bxc6 10. Nbd2 Nxd2 11. Bxd2 O-O 12. h3 Ba6 13. a4 Re8 14. a5 Bxd4
15. Nxd4 Rxe5+ 16. Be3 Qd6 17. Qc2 c5 18. Nf3 Re6 19. Ng5 Rg6 20. Qf5 Qf6 21.
Qxf6 gxf6 22. Nf3 Re8 23. Kd1 d4 24. Bf4 Rxg2 25. Kc1 Re2 26. Bg3 d3 27. Nh4
Rgxf2 28. Bxf2 Rxf2 29. Rg1+ Kf8 30. Rd1 Rh2 31. Ra4 Rxh3 32. Rf4 Rh2 33. Rxf6
Bc4 34. Nf3 Bb3 35. Nxh2 1-0

[Event "Deutsche Ländermeisterschaft 2012"]
[Site "Hannover GER"]
[Date "2012.10.01"]
[Round "5"]
[White "Mertens, Fridolin"]
[Black "Frischmann, Rick"]
[Result "0-1"]
[Termination "normal"]
[Board "6.1"]
[WhiteTitle "18"]
[BlackTitle "18"]
[WhiteElo "2040"]
[BlackElo "2150"]
[WhiteTeam "Sachsen-Anhalt"]
[BlackTeam "Saarland"]
[PlyCount "62"]
[WhiteFideId "24671940"]
[BlackFideId "24660752"]
[EventCountry "GER"]
[EventRounds "7"]
[EventType "team-swiss"]
[EventDate "2012.09.28"]

1. e4 c5 2. Nf3 e6 3. d4 cxd4 4. Nxd4 a6 5. Nc3 Qc7 6. Bd3 Nf6 7. O-O d6 8. Be3
g6 9. f4 Bg7 10. Nb3 O-O 11. a4 b6 12. Qf3 Bb7 13. Qh3 Nbd7 14. f5 Rae8 15. Bh6
Ne5 16. Rf4 exf5 17. exf5 Nxd3 18. cxd3 Qe7 19. Bxg7 Kxg7 20. Raf1 Qe5 21. Nd2
g5 22. R4f2 Qe3 23. Qxe3 Rxe3 24. Nc4 Rxd3 25. Nxb6 d5 26. Rd1 Rxd1+ 27. Nxd1
a5 28. Rd2 Rb8 29. Nc3 Bc6 30. Nbxd5 Bxd5 31. Nxd5 Rd8 0-1

[Event "Deutsche Ländermeisterschaft 2012"]
[Site "Hannover GER"]
[Date "2012.10.01"]
[Round "5"]
[White "Zimmermann, Christian"]
[Black "Grewenig, Jan"]
[Result "0-1"]
[Termination "normal"]
[Board "6.3"]
[WhiteTitle "16"]
[BlackTitle "16"]
[WhiteElo "1930"]
[BlackElo "1961"]
[WhiteTeam "Sachsen-Anhalt"]
[BlackTeam "Saarland"]
[PlyCount "52"]
[WhiteFideId "24692069"]
[BlackFideId "4657330"]
[EventCountry "GER"]
[EventRounds "7"]
[EventType "team-swiss"]
[EventDate "2012.09.28"]

1. e4 c5 2. Nf3 Nc6 3. d4 cxd4 4. Nxd4 g6 5. Nc3 Bg7 6. Be3 Nf6 7. Bc4 Qa5 8.
O-O O-O 9. f4 Qb4 10. Qd3 Qxb2 11. Ncb5 Qb4 12. Nb3 Na5 13. e5 Nxc4 14. exf6
Bxf6 15. Nc7 Nxe3 16. Qxe3 d6 17. Nxa8 Be6 18. a3 Qc4 19. Qxa7 Qxc2 20. Na5
Bxa1 21. Rxa1 Bd5 22. Kf1 Qxg2+ 23. Ke1 Qh1+ 24. Kd2 Qxa1 25. Nc7 Qb2+ 26. Ke1
Qc1+ 0-1

[Event "Deutsche Ländermeisterschaft 2012"]
[Site "Hannover GER"]
[Date "2012.10.01"]
[Round "5"]
[White "Sonnhalter, Stella"]
[Black "Kitze, Alexander"]
[Result "0-1"]
[Termination "normal"]
[Board "6.4"]
[WhiteTitle "20w"]
[BlackTitle "12"]
[WhiteElo "1856"]
[BlackElo "1853"]
[WhiteTeam "Saarland"]
[BlackTeam "Sachsen-Anhalt"]
[PlyCount "98"]
[WhiteFideId "4624815"]
[BlackFideId "12914827"]
[EventCountry "GER"]
[EventRounds "7"]
[EventType "team-swiss"]
[EventDate "2012.09.28"]

1. e4 c5 2. Nc3 Nc6 3. f4 g6 4. Nf3 Bg7 5. Bc4 d6 6. O-O e6 7. d3 Nge7 8. Qe1
O-O 9. f5 Nd4 10. Qh4 exf5 11. Nxd4 Bxd4+ 12. Kh1 Be6 13. Bg5 Re8 14. Bb5 f6
15. Bxf6 Bxf6 16. Qxf6 Nc6 17. Nd5 Bxd5 18. Qxd8 Rexd8 19. exd5 Nd4 20. Ba4 b5
21. Bb3 Re8 22. Rfe1 Kf7 23. c3 Nxb3 24. axb3 Rxe1+ 25. Rxe1 Re8 26. Ra1 Re2
27. Rxa7+ Kg8 28. Kg1 Rxb2 29. c4 Rxb3 30. cxb5 Rxb5 31. Ra6 Rb3 32. Rxd6 Rxd3
33. Kf2 Kf7 34. Rd7+ Kf6 35. Rxh7 Rxd5 36. Rc7 Rd2+ 37. Kf3 Rc2 38. Rc6+ Kg5
39. h4+ Kh5 40. g3 c4 41. Rc8 Kh6 42. g4 Rc1 43. gxf5 gxf5 44. Ke3 Kh5 45. Rc5
Kg4 46. Kf2 c3 47. h5 c2 48. h6 Rh1 49. Rxc2 Rh2+ 0-1